000 00427nam a2200181Ia 4500
001 18772
005 20260306171655.0
008 260306s9999||||xx |||||||||||||| ||und||
041 _aESP
082 _a658.5
_bE76
100 _aEscalante Gómez, Juan Esteban,
_eAUT
245 0 _aCostos logísticos
260 _c2014
300 _a130 páginas :
_c24 cm.
650 _aGEN
654 _aCAN
942 _cLIB
_dJUS
_fJUS
_2ddc
_n
999 _c18772
_d18772